| 000 | 00379nam a22001217a 4500 | ||
|---|---|---|---|
| 082 | _a200 THE | ||
| 100 |
_aKamal Mazhar Malik _915651 |
||
| 245 | _aTH-SOF-1124-State and Parameter Estimation for Vehicle Dynamics Control | ||
| 260 |
_aIslamabad _bNUST College of EME _c2015 |
||
| 650 | _a MS-MECH-68 MSTHESIS | ||
| 700 |
_aSupervison Dr. Sajid Ullah Butt _970192 |
||
| 942 | _cCF | ||
| 999 |
_c577255 _d577255 |
||